| 000 | 00847cam a2200313 4500 | ||
|---|---|---|---|
| 001 | J3034 | ||
| 008 | 090401t1995 xxu||||| |||| 00| 0 eng d | ||
| 035 | _a(Sirsi) u52608 | ||
| 041 | _aeng | ||
| 050 | _a332.6324 | ||
| 110 |
_aHillier Parker Research _92002 |
||
| 245 | _aAverage yields . - February, May, August & November 1995 | ||
| 260 |
_aLondon _bHillier Parker May and Rowden _c1995 |
||
| 300 | _a4 pt. ; 30cm. | ||
| 350 | _a0 | ||
| 650 | _aAVERAGE YIELDS | ||
| 650 | _aEQUITIES | ||
| 650 | _aGILTS | ||
| 650 | _aINDUSTRIAL PROPERTY | ||
| 650 | _aOFFICES | ||
| 650 | _aPROPERTY INVESTMENT | ||
| 650 | _aPROPERTY MARKET INDICATORS | ||
| 650 | _aSHOPS | ||
| 650 | _aRETAIL | ||
| 650 | _aYIELDS | ||
| 690 | _aPROPERTY-COMMERCIAL PROPERTY-COMMERCIAL PROPERTY FINANCE AND INVESTMENT | ||
| 942 | _n0 | ||
| 948 | _c04/03/1997 | ||
| 999 |
_c93119 _d93119 |
||